| Поле | Инд. | ПП | Название | Значение |
|---|---|---|---|---|
| Тип записи | a | |||
| Библиографический уровень | b | |||
| 001 | Контрольный номер | UNIDUBNAaa017251071e4143ba06cd64fb71d100 | ||
| 005 | Дата корректировки | 20250226171944.3 | ||
| 008 | Кодируемые данные | 20170331 | ||
| 040 | b | Код языка каталог. | rus | |
| e | Правила каталог. | PSBO | ||
| 041 | 0_ | a | Код языка текста | rus |
| 084 | a | Индекс другой классификации/Индекс ББК | 60.955; 60.991.3 | |
| 100 | 1_ | a | Автор | Соловьев Г. Е. |
| q | Полное имя | Соловьев Геннадий Егорович | ||
| 245 | 10 | a | Заглавие | Уличная социальная работа с молодежью в Германии |
| 504 | a | Библиография | Лит. в конце статьи. | |
| 520 | 0_ | a | Аннотация | Раскрывается история становления и развития уличной работы в Германии, определены ее принципы, цели и методы. Актуальность такой работы связана с социально-экономическими и политическими проблемами, возникающими в современном обществе. |
| 650 | 14 | a | Основная рубрика | социальная работа |
| 653 | 0_ | a | Ключевые слова | безнадзорность |
| a | Ключевые слова | беспризорность | ||
| a | Ключевые слова | волонтерство | ||
| a | Ключевые слова | воскресная школа | ||
| a | Ключевые слова | Германия | ||
| a | Ключевые слова | гражданское воспитание | ||
| a | Ключевые слова | групповая работа | ||
| a | Ключевые слова | делинквентное поведение | ||
| a | Ключевые слова | история социальной работы | ||
| a | Ключевые слова | клубная работа | ||
| a | Ключевые слова | консультирование | ||
| a | Ключевые слова | Международное общество по уличной работе с молодежью (ISMO) | ||
| a | Ключевые слова | молодежь | ||
| a | Ключевые слова | несовершеннолетние | ||
| a | Ключевые слова | патриотическое воспитание | ||
| a | Ключевые слова | профилактика правонарушений | ||
| a | Ключевые слова | Россия | ||
| a | Ключевые слова | социальное сотрудничество | ||
| a | Ключевые слова | социально-педагогическая поддержка | ||
| a | Ключевые слова | социальный проект | ||
| a | Ключевые слова | уличная социальная работа | ||
| 773 | 08 | t | Заглавие источника | Отечественный журнал социальной работы |
| d | Дата издания источника | 2021 | ||
| g | Прочая информация | № 4. - С. 154 - 163 | ||
| w | Контрольный № источника | UNIDUBNAccfe7b06e42c465b9d2bcff6f460f4e0 | ||
| 901 | t | Тип документа | b |